Central Library OPAC University of Rajshahi

উর্দু সাহিত্যে অমুসলিমদের অবদান / (Record no. 81327)

MARC details
000 -LEADER
fixed length control field 01504nam a2200265 a 4500
001 - CONTROL NUMBER
RUCL Control Number 81327
003 - CONTROL NUMBER IDENTIFIER
rucl marc code BD-RjUL
005 - DATE AND TIME OF LATEST TRANSACTION
control field 20230405113158.0
008 - FIXED-LENGTH DATA ELEMENTS--GENERAL INFORMATION
fixed length control field 230405s2021 bg ||||| |||| 00| 0 ben d
035 ## - SYSTEM CONTROL NUMBER
system control number (BD-RjUL)81327
040 ## - CATALOGING SOURCE
Original cataloging agency BD-RjUL
Language of cataloging ben / eng
Transcribing agency BD-RjUL
Modifying agency BD-RjUL
041 ## - LANGUAGE CODE
Language code of Book ben
082 ## - DEWEY DECIMAL CLASSIFICATION NUMBER
Classification number 891.4309
Author mark and Year KHU 2021
DDC Edition number 23
100 ## - MAIN ENTRY--PERSONAL NAME
Personal name খাতুন, মোসা. জোসনা
9 (RLIN) 7281
245 10 - TITLE STATEMENT
Title উর্দু সাহিত্যে অমুসলিমদের অবদান /
Statement of responsibility, etc মোসা. জোসনা খাতুন ;
Name of Supervisor/Co-Supervisor সুপারভাইজার : মুহাম্মাদ শহীদুল ইসলাম
246 ## - VARYING FORM OF TITLE
Title proper/short title Contribution of non-Muslims in Urdu Literature /
260 ## - PUBLICATION, DISTRIBUTION, ETC. (IMPRINT)
Place of publication, distribution, etc রাজশাহী :
Name of publisher, distributor, etc উর্দু বিভাগ, রাজশাহী বিশ্ববিদ্যালয়,
Date of publication, distribution, etc ২০২১
300 ## - PHYSICAL DESCRIPTION
Pagination vii, ২৯৭ পাতা ;
Dimensions ২৯ সেমি.
502 ## - DISSERTATION NOTE
Dissertation note থিসিস (পিএইচ. ডি.) -- উর্দু বিভাগ, রাজশাহী বিশ্ববিদ্যালয়, ২০২১
504 ## - BIBLIOGRAPHY, ETC. NOTE
Bibliography, etc গ্রন্থপঞ্জি : পাতা [২৮৪]-২৯৭
650 ## - SUBJECT ADDED ENTRY--TOPICAL TERM
Topical term or geographic name as entry element উর্দু সাহিত্যে
Form subdivision ইতিহাস ও সমালোচনা
9 (RLIN) 7282
651 ## - SUBJECT ADDED ENTRY--GEOGRAPHIC NAME
Source of heading or term Urdu Literature
Geographic name History and Criticism
700 ## - ADDED ENTRY--SUPERVISOR/CO-SUPERVISOR NAME
Personal name ইসলাম, মুহাম্মাদ শহীদুল, সুপারভাইজার
9 (RLIN) 7283
942 ## - ADDED ENTRY ELEMENTS (KOHA)
Source of classification or shelving scheme Dewey Decimal Classification
Koha item type Theses
Holdings
Source of classification or shelving scheme Damaged status Not for loan Collection code Permanent Location Current Location Shelving location Date of accession Source of acquisition Total Checkouts Full call number Barcode Date last seen Copy number Thesis
Dewey Decimal Classification   Not For Loan Theses Central Library, University of Rajshahi Central Library, University of Rajshahi Documentation Section 30/03/2023 Controller of Exam. R.U   BTHE 891.4309 KHU 2021 D4816 05/04/2023 C-1 Theses